[Event "AUT-ch U14 Girls"]
[Site "St Veit"]
[Date "2021.10.27"]
[Round "4.5"]
[White "Handrich, Carmina"]
[Black "Lugger, Jana"]
[Result "1/2-1/2"]
[WhiteElo "879"]
[BlackElo "988"]
[PlyCount "101"]
[EventDate "2021.10.25"]
[EventType "swiss"]
[EventRounds "7"]
[EventCountry "AUT"]
[SourceTitle "EXT 2023"]
[Source "ChessBase"]
[SourceDate "2022.10.05"]
[SourceVersion "1"]
[SourceVersionDate "2022.10.05"]
[SourceQuality "1"]

1. e4 e6 2. d4 d5 3. exd5 exd5 4. Bd3 c6 5. Ne2 Nf6 6. Bf4 Qb6 7. b3 c5 8. c3 Nc6 9. Be3 Ng4 10. 0-0 Bd6 11. g3 Nxe3 12. fxe3 0-0 13. Bf5 Ne7 14. Bd3 Bg4 15. Na3 a6 16. Nc2 g6 17. e4 cxd4 18. cxd4 dxe4 19. Bxe4 Rad8 20. Qd2 Bxe2 21. Qxe2 Be5 22. Bxb7 Bxd4+ 23. Nxd4 Qxb7 24. Nf3 Qb6+ 25. Kh1 Rfe8 26. Ng5 Qc6+ 27. Kg1 Qc5+ 28. Qf2 Qxg5 29. Qxf7+ Kh8 30. Qf6+ Qxf6 31. Rxf6 a5 32. Raf1 Nd5 33. Ra6 Ne3 34. Rf4 Rd1+ 35. Kf2 Nd5 36. Rf7 Rd2+ 37. Kf3 Rxa2 38. h4 Re3+ 39. Kg4 Kg8 40. Rb7 Re4+ 41. Kg5 Re5+ 42. Kg4 Re8 43. Kg5 Rg2 44. Kh6 Nb4 45. Rxa5 Nc6 46. Ra6 Ne5 47. Rg7+ Kf8 48. Rxh7 Ng4+ 49. Kxg6 Ne5+ 50. Kh6 Ng4+ 51. Kg6 1/2-1/2

[Event "AUT-ch U14 Girls"]
[Site "St Veit"]
[Date "2021.10.25"]
[Round "1.1"]
[White "Lugger, Jana"]
[Black "Deak Sala, Emilia"]
[Result "0-1"]
[WhiteElo "988"]
[BlackElo "1728"]
[PlyCount "68"]
[EventDate "2021.10.25"]
[EventType "swiss"]
[EventRounds "7"]
[EventCountry "AUT"]
[SourceTitle "EXT 2023"]
[Source "ChessBase"]
[SourceDate "2022.10.05"]
[SourceVersion "1"]
[SourceVersionDate "2022.10.05"]
[SourceQuality "1"]

1. d4 c5 2. Nf3 cxd4 3. Nxd4 d5 4. Nc3 Nf6 5. e3 a6 6. b3 e5 7. Nde2 Nc6 8. Ng3 Bb4 9. Bd2 0-0 10. Qe2 Re8 11. Nh5 Nxh5 12. Qxh5 d4 13. Ne4 Bxd2+ 14. Nxd2 dxe3 15. fxe3 Nb4 16. Kd1 Nd5 17. Bd3 Bg4+ 18. Qxg4 Nxe3+ 19. Kc1 Nxg4 20. Kb2 Nf2 21. Rhf1 Nxd3+ 22. cxd3 Qd4+ 23. Kc2 Rac8+ 24. Kd1 Qxa1+ 25. Ke2 Qd4 26. Rf3 Rcd8 27. h3 e4 28. dxe4 Qxd2+ 29. Kf1 Rxe4 30. Kg1 Re1+ 31. Kh2 Qd6+ 32. Rg3 Rh1+ 33. Kxh1 Qxg3 34. Kg1 Rd1# 0-1